| 000 | 00952nam a22003017a 4500 | ||
|---|---|---|---|
| 001 | BR0305760 | ||
| 003 | BR-BrBNA | ||
| 005 | 20230928101446.0 | ||
| 007 | ta | ||
| 008 | 230509b bl.||||| |||| 00| 0 por d | ||
| 040 |
_aBR-BrBNA _bpor _cBiblioteca Nacional de Agricultura |
||
| 041 | _a(Por) | ||
| 072 | _aE14 | ||
| 090 | _ E14 BR0305760 | ||
| 110 | 1 |
_aMinistério da Agricultura e do Abastecimento, Brasília, DF (Brasil) _96726 |
|
| 245 | 1 | _aEstudo de impacto dos programas de cooperação nipo-brasileira para o desenvolvimento agrícola dos cerrados na República Federativa do Brasil | |
| 260 | 3 |
_aBrasília, DF (Brasil): _c2000. |
|
| 300 | _avp. | ||
| 500 | _a43 tables | ||
| 650 | _aCOOPERAÇÃO INTERNACIONAL | ||
| 650 | _aDESENVOLVIMENTO AGRÍCOLA | ||
| 650 | _aMERCADO INTERNACIONAL | ||
| 650 | _aPROJETO AGRÍCOLA | ||
| 650 | _aPESQUISA | ||
| 650 | _aCENTRO-OESTE | ||
| 909 |
_a202309 _bLucia _c55 _dLucia Elande |
||
| 942 | _cBK | ||
| 999 |
_c65925 _d65925 |
||